00498nam a2200181Ia 4500003000400000005001700004008004100021020002900062040001700091082001800108100001900126245005000145260002900195300001600224500001900240650002300259650003400282IIN20250507125334.0231217s2023 xx ad 001 0 eng d cRs.225.00a9789381390351 aIINbEnglish a610.73 bKUM1 aKumari, Neelam1 aBehavioural Science Sociology/cNeelam Kumari aJalandharbPee Veec2023 a157p.biil. aIncludes Index1 aSociologyvNursing1 aBehavioural Science vNursing